000 00475 a2200145 4500
001 ART_45130
005 20260410162039.0
008 260409a
245 1 0 _aMercado laboral y desarrollo territorial
100 1 _aOlguín, Jorge Raúl
700 1 _aBecerra, María Evelyn
700 1 _aVilchez, Virginia Carolina
700 1 _aRuiz, Karina Andrea
773 0 _tRevista de estudios regionales y mercado de trabajo
_g- Nº 8 (ene./dic. 2012)
_wREV44894
999 _c34685
_d34685